| 000 | 004840000a22001930004500 | ||
|---|---|---|---|
| 001 | 004546 | ||
| 003 | MACL | ||
| 005 | 20150801130312.0 | ||
| 008 | 150801b xxu||||| |||| 00| 0 eng d | ||
| 040 |
_aMACL _cMACL |
||
| 041 | _aEnglish | ||
| 082 | _a363.73/CHA | ||
| 100 |
_aChakraborty, Satyesh.C _94034 |
||
| 245 |
_aThe Global Warming Scenario _cSatyesh.C Chakraborty |
||
| 260 |
_aKolkata _c2005 _bThema, |
||
| 350 | _a80 | ||
| 650 |
_aEnvironement _94035 |
||
| 942 |
_k364 _cBK _2ddc |
||
| 999 |
_c16435 _d16435 |
||